An empirical evaluation of the implementation of the new textbook" Tieng Anh 11" : Master of education. Program: Principles and methods in english language education
Nghiên cứu này đánh giá việc áp dụng sách giáo khoa mới " Tiếng anh 11" của giáo viên và học sinh trong tỉnh Hậu Giang nhằm giúp việc sử dụng sách giáo khoa tốt hơn trong tương lai.
Salvato in:
| Autore principale: | |
|---|---|
| Natura: | Libro |
| Lingua: | Undetermined |
| Pubblicazione: |
Can Tho
Can Tho University
2010
|
| Soggetti: | |
| Tags: |
Aggiungi Tag
Nessun Tag, puoi essere il primo ad aggiungerne! !
|
| Thư viện lưu trữ: | Trung tâm Học liệu Trường Đại học Cần Thơ |
|---|
| LEADER | 01240nam a2200229Ia 4500 | ||
|---|---|---|---|
| 001 | CTU_163768 | ||
| 008 | 210402s9999 xx 000 0 und d | ||
| 082 | |a 428.24071 | ||
| 082 | |b Ng100 | ||
| 088 | |a 60140111 | ||
| 100 | |a Tran, Quy Thien Nga | ||
| 245 | 3 | |a An empirical evaluation of the implementation of the new textbook" Tieng Anh 11" : | |
| 245 | 0 | |b Master of education. Program: Principles and methods in english language education | |
| 245 | 0 | |c Tran Quy Thien Nga; Tran Quoc Hung (Supervisor) | |
| 260 | |a Can Tho | ||
| 260 | |b Can Tho University | ||
| 260 | |c 2010 | ||
| 520 | |a Nghiên cứu này đánh giá việc áp dụng sách giáo khoa mới " Tiếng anh 11" của giáo viên và học sinh trong tỉnh Hậu Giang nhằm giúp việc sử dụng sách giáo khoa tốt hơn trong tương lai. | ||
| 650 | |a English language,Tiếng Anh,Tiếng Anh,English language | ||
| 650 | |x Textbooks for foreign speakers,Vietnamese,Sách giáo khoa cho người học ngoại ngữ,Người Việt Nam,Dạy và học,Người học ngoại ngữ,Study and teaching,Foreign speakers | ||
| 904 | |i Năm | ||
| 980 | |a Trung tâm Học liệu Trường Đại học Cần Thơ | ||